00449 2200169 4500001002100000008004100021035002000062245004200082100001800124260004300142300001300185020002200198084001400220082000800234650001800242990001900260INLIS000000000001598 ind  a0010-0724001598 aBy Their Father's HandcMonte Francis aMonte Francis aJakarta :bElex Media Komputindoc2010 a330 hlm. a978-979-27-7242-5 a823 MON b a823 aFiksi Inggris aP29/CP/24/1598